000 00623cam a2200145 4500500
005 20260208010658.0
041 _afre
042 _adc
100 1 0 _aGabaude, Jean-Marc
_eauthor
245 0 0 _aChristian Vernier, L’extime. De l’acte à la vérité. Un abécédaire lacanien, Toulouse, Éd. Universitaires du Sud, 2007, Coll. « Essais », 204 P., 20 E.
260 _c2009.
500 _a7
786 0 _nRevue philosophique de la France et de l'étranger | 134 | 2 | 2009-05-22 | p. 237x-280x | 0035-3833
856 4 1 _uhttps://shs.cairn.info/revue-philosophique-2009-2-page-237x?lang=fr&redirect-ssocas=7080
999 _c1657655
_d1657655